Impact of sugar co-operative industry on rural development/ (Record no. 10834)

MARC details
000 -LEADER
fixed length control field 00772 a2200205 4500
010 ## - LIBRARY OF CONGRESS CONTROL NUMBER
LC control number ENG-89557
020 ## - INTERNATIONAL STANDARD BOOK NUMBER
International Standard Book Number 8188573388
Terms of availability 495.00
035 ## - SYSTEM CONTROL NUMBER
System control number EN-73090
037 ## - SOURCE OF ACQUISITION
Source of stock number/acquisition DBAD / PUB
082 14 - DEWEY DECIMAL CLASSIFICATION NUMBER
Classification number 307.1412
090 ## - LOCALLY ASSIGNED LC-TYPE CALL NUMBER (OCLC); LOCAL CALL NUMBER (OCLC)
-- 11139
-- 11139
100 1# - MAIN ENTRY--PERSONAL NAME
Personal name Pagar, Sudhakar, K.
245 1# - TITLE STATEMENT
Title Impact of sugar co-operative industry on rural development/
Statement of responsibility, etc by Sudhakar K. Pagar
260 ## - PUBLICATION, DISTRIBUTION, ETC. (IMPRINT)
Place of publication, distribution, etc Kanpur
Name of publisher, distributor, etc Chandralok Prakashan
Date of publication, distribution, etc 2007
270 ## - ADDRESS
Address 132, Shivram Kripa, Mayur Park, Basant Vihar, Naubasta
City Kanpur
Postal code 208 011
Telephone number 0512-2634444, 09415125867
300 ## - PHYSICAL DESCRIPTION
Extent 246p.
Dimensions 21 cm. (Hb)
500 ## - GENERAL NOTE
General note Includes bibliographical references & glossary
942 ## - ADDED ENTRY ELEMENTS (KOHA)
Institution code [OBSOLETE] dpl
Koha item type English Books
Call number prefix 307.1412/ PAG
Holdings
Withdrawn status Lost status Source of classification or shelving scheme Damaged status Not for loan Collection code Home library Current library Source of acquisition Cost, normal purchase price Total Checkouts Full call number Barcode Date last seen Copy number Uniform Resource Identifier Cost, replacement price Price effective from Koha item type
    Dewey Decimal Classification   Not For Loan Non-fiction D.B.Act.Division D.B.Act.Division DBAD/PUB 495.00   307.1412 PAG EN-73090 15/09/2008 1 11931 495.00 15/09/2008 English Books

© Delhi Public Library
Hit Counter
free hit counter